00893 a2200193 4500001000500000005001700005008004100022003001500063040004000078080002200118245002900140020002200169264004300191300001900234505028100253100002300534700002200557856012000579190220260407155420.0260407a2006 arg spa dAR-UNSa-BCEJYS aAR-UNSa-BCEJYSbspacAR-UNSa-BCEJYS a657xContabilidad10aContabilidad patrimonial a978-987-1140-56-5 1aBuenos Aires :bOsmar D. Buyattic2006 a432 p.c22 cm. a1. La contabilidad y el patrimonio - 2. Registración de los elementos patrimoniales - 3. Patrimonio neto - 4. Bienes de cambio - 5. Bienes de uso - 6. Activos intangibles - 7. Créditos - 8. Efectivo - 9. Inversiones - 10. Compromisos ciertos - 11. Compromisos contingentes1 aPetti, Ana María1 aLonghi, Paula Ana41uhttps://biblioeco.unsa.edu.ar/pmb/images/libros/Contabilidad patrimonial-l116424.jpgyImagen de portadaqimage/jpeg